00415nam a2200097Ia 4500001000400000008004100004082001700045100015200062245007400214260002900288216241024s9999 xx 000 0 und d aRD/375/R426f aRepública Dominicana.Secretaria de Estado de Educación y Cultura Plan Decenal de Educación en Acción, transformación Curricular en Marcha 0aFundamentos del Curriculo, Fundamentos Teórico- Metodológica, v.1 bEditora de Coloresc1994